000
00237 a2200097 4500
020
_a
9789332556577
100
_a
David T. Allen
245
_a
Sustainable engineering: concepts, design, and case studies
260
_b
Pearson
942
_c
OO
999
_c
115580
_d
115579